Datum a čas kvízu
17.5
Celkem bodů
Celkový počet nahraných bodů na tomto kvízu bez doplňovacích otázek.
7.
Pořadí na kvízu
Konečné umístění týmu na tomto kvízu.
Zaznamenané odpovědi
| # | Otázka | Odpověď | Body | Výsledky |
|---|---|---|---|---|
| 1. | Centrum pro výzkum veřejného m... | Adam Vojtěch | 0 | |
| 2. | Internet minulý týden obletělo... | kocour (kočka) | 0 | |
| 3. | V pátek začal v Uherském Hradi... | Letní filmová škola | 0 | |
| 4. | Česká armáda v pátek převzala... | Toyota | 1 | |
| 5. | Tým ligy amerického fotbalu NF... | indiánské čelenky (a rudé malování na obličeji) | 0 | |
| 6. | Rozhodli jsme se prověřit vaše... | Rott | 0 | |
| 7. | V roce 1844 byla vynalezena hl... | cylindrická vložka | 1 | |
| 8. | Některé šrouby nemají ani jedn... | inbus (též nespisovně imbus) | 1 | |
| 9. | Jak byste dvěma slovy začínají... | pružná / pérová podložka | 0 | |
| 10. | Apelativizace je pojem pro jev... | karma | 1 |